000 01117nam a22002775 4500
001 BK0033044304
005 20251209140606.0
008 250511s2025 xx 000 0 eng d
020 _a9798217051816 : HRD
_c16.99
020 _c16.99
037 _bPenguin Group USA, Order Processing Dept 120 Woodbine st, Bergenfield, NJ, USA, 07621
_nSAN 201-3975
040 _erda
050 _aPE
082 _a428
092 _achildren nonfiction
_bJospitre
100 1 _aJospitre, Sarah
_96546453
245 0 0 _aPlanets /
_cSarah Jospitre
264 1 _bPenguin Group USA :
_c2025
_aNew York,
300 _a32 p. ;
_bcolor photographs
520 _aHave you ever wondered if there is life on Mars? Or why Pluto is now considered a dwarf planet? Or if water exists anywhere else but on Earth? Learn the answers to these questions and more in this photo-filled early reader perfect for young astronomers.
521 _aAges 6-8
650 0 _aPlanets
_vJuvenile literature.
_95717187
650 0 _aScience
_vJuvenile literature.
_95744727
650 0 _aAstronomy
_vJuvenile literature.
_95681301
942 _2ddc
_cBOOK
999 _c409090
_d409090